000 00366nam a22001217a 4500
008 230612b xxu||||| |||| 00| 0 eng d
082 _a354.676
_bGOK
100 _cGOK
245 _a2012/2013 Estimates of Recurrent Expenditure of the GOK for the Year Ending 30th June, 2013
_bJune 2012
260 _aNairobi, Kenya
_bGOK
_cJune 2012
300 _a397p
942 _2ddc
_cBK
999 _c1111
_d1111